[Event "PRO League Atlantic 2017"]
[Site "chess.com INT"]
[Date "2017.01.25"]
[Round "3"]
[White "Balakrishnan, Praveen"]
[Black "Mu, Joshua"]
[Result "1-0"]
[WhiteTitle "FM"]
[WhiteElo "2465"]
[BlackElo "2203"]
[WhiteTeam "New Jersey Knockouts"]
[BlackTeam "Carolina Cobras"]
[WhiteFideId "2064871"]
[BlackFideId "2024420"]
[EventDate "2017.01.11"]

1. e4 Nf6 2. e5 Nd5 3. d4 d6 4. Nf3 dxe5 5. Nxe5 c6 6. Bd3 Nd7 7. Nf3 g6 8. O-O
Bg7 9. c3 O-O 10. Nbd2 e5 11. dxe5 Nxe5 12. Nxe5 Bxe5 13. Nf3 Bg4 14. h3 Bxf3
15. Qxf3 Qf6 16. Qxf6 Bxf6 17. Bd2 Rad8 18. Rad1 Rd7 19. Bc2 Rfd8 20. Bc1 Nb6
21. Rxd7 Nxd7 22. Rd1 Nc5 23. Rxd8+ Bxd8 24. Kf1 f5 25. Ke2 Kf7 26. f3 Kf6 27.
b4 Ne6 28. f4 Bc7 29. Kf3 a5 30. a3 c5 31. b5 c4 32. Bd1 g5 33. g3 gxf4 34. gxf4
Nc5 35. Be2 a4 36. Bxc4 Ba5 37. Bd5 Bxc3 38. Be3 Ne6 39. Ke2 Bb2 40. Bxb7 Bxa3
41. Bd5 Ke7 42. b6 Bd6 43. Kf3 Kd7 44. b7 Bb8 45. Bc4 Nd8 46. Bb5+ Ke6 47. Bxa4
Nxb7 48. Bb3+ Kf6 49. Bd4+ Kg6 50. Ba4 Nd6 51. Bd7 Ne4 52. Be8+ Kh6 53. Bb2 Bc7
54. Ba3 Bd6 55. Bb2 Bc7 56. Be5 Bb6 57. Bc6 Nd2+ 58. Ke2 Ne4 59. Be8 Bc5 60. Kd3
Bd6 61. Kd4 Bxe5+ 62. fxe5 Ng5 63. Bc6 Nxh3 64. e6 Nf4 65. e7 Ne6+ 66. Ke5 Nc7
67. Kd6 1-0

[Event "PRO League Atlantic 2017"]
[Site "chess.com INT"]
[Date "2017.01.25"]
[Round "3"]
[White "Noritsyn, Nikolay"]
[Black "Shen, Christopher Y"]
[Result "1-0"]
[WhiteTitle "IM"]
[BlackTitle "CM"]
[WhiteElo "2468"]
[BlackElo "2165"]
[WhiteTeam "Toronto Dragons"]
[BlackTeam "Columbus Cardinals"]
[WhiteFideId "2604922"]
[BlackFideId "2090635"]
[EventDate "2017.01.11"]

1. d4 d6 2. e4 g6 3. Bc4 Bg7 4. Nf3 Nf6 5. Qe2 O-O 6. O-O d5 7. exd5 Nxd5 8. Rd1
c6 9. h3 Nd7 10. Bb3 Re8 11. c4 N5f6 12. Nc3 h6 13. Ne5 Nf8 14. Bf4 g5 15. Bh2
Bf5 16. Qf3 Bh7 17. Rd2 Ng6 18. Rad1 Nh4 19. Qe2 e6 20. d5 cxd5 21. cxd5 exd5
22. Nxd5 Rf8 23. Nxf7 Rxf7 24. Ne7+ Qxe7 25. Qxe7 Rf8 26. Rd8 1-0

[Event "PRO League Atlantic 2017"]
[Site "chess.com INT"]
[Date "2017.01.25"]
[Round "3"]
[White "Noritsyn, Nikolay"]
[Black "Baker, Vincent J"]
[Result "1-0"]
[WhiteTitle "IM"]
[WhiteElo "2468"]
[BlackElo "1960"]
[WhiteTeam "Toronto Dragons"]
[BlackTeam "Columbus Cardinals"]
[WhiteFideId "2604922"]
[BlackFideId "30911974"]
[EventDate "2017.01.11"]

1. e4 c5 2. Nf3 Nc6 3. Bb5 g6 4. O-O Bg7 5. c3 Nf6 6. Re1 d5 7. e5 Ng8 8. d4 c4
9. b3 cxb3 10. axb3 e6 11. h4 Ne7 12. h5 O-O 13. Na3 Bd7 14. Bd3 Qb6 15. Rb1 a5
16. Bd2 Rfc8 17. hxg6 hxg6 18. Nc2 Na7 19. c4 Qc7 20. Bg5 Nf5 21. Bxf5 exf5 22.
Ne3 dxc4 23. bxc4 Nc6 24. Nd5 Qb8 25. Nf6+ Bxf6 26. Bxf6 Nb4 27. Qd2 Kh7 28. Qg5
Rh8 29. Qh4+ Kg8 30. Qxh8# 1-0

[Event "PRO League Atlantic 2017"]
[Site "chess.com INT"]
[Date "2017.01.25"]
[Round "3"]
[White "Hess, Robert L"]
[Black "Moradiabadi, Elshan"]
[Result "1/2-1/2"]
[WhiteTitle "GM"]
[BlackTitle "GM"]
[WhiteElo "2571"]
[BlackElo "2574"]
[WhiteTeam "Montclair Sopranos"]
[BlackTeam "Atlanta Kings"]
[WhiteFideId "2022036"]
[BlackFideId "12501255"]
[EventDate "2017.01.11"]

1. e4 e5 2. Nf3 Nc6 3. Bb5 a6 4. Ba4 Nf6 5. Bxc6 dxc6 6. d3 Nd7 7. Nbd2 Be7 8.
Nc4 f6 9. Nh4 O-O 10. Nf5 Nc5 11. Nxe7+ Qxe7 12. O-O Be6 13. Ne3 Rad8 14. Qe1 b6
15. Qc3 a5 16. b3 Rfe8 17. Ba3 Nxe4 18. Bxe7 Nxc3 19. Bxd8 Rxd8 20. Rfe1 Kf7 21.
f3 c5 22. Kf2 a4 23. Nd1 Nd5 24. bxa4 Ra8 25. Nb2 Nc3 26. a3 Bd5 27. Ke3 Nxa4
28. Nxa4 Rxa4 29. c4 Bc6 30. Reb1 g5 31. Rb2 Ke6 32. h4 gxh4 33. Rh1 Rxa3 34.
Rxh4 Be8 35. Rxh7 Rxd3+ 36. Kxd3 Bg6+ 37. Ke3 Bxh7 38. g4 Bg6 39. Rh2 Bf7 40.
Rh7 c6 41. Rh6 Ke7 42. g5 Bxc4 43. Rxf6 Bd5 44. f4 exf4+ 45. Kxf4 c4 46. Ke3 b5
47. Kd4 b4 48. Rxc6 Bxc6 49. Kxc4 Kf7 50. Kxb4 Kg6 51. Kc5 Ba8 52. Kd4 Kxg5 1/2-1/2

[Event "PRO League Atlantic 2017"]
[Site "chess.com INT"]
[Date "2017.01.25"]
[Round "3"]
[White "Hess, Robert L"]
[Black "Moon, Benjamin"]
[Result "1-0"]
[WhiteTitle "GM"]
[WhiteElo "2571"]
[BlackElo "2265"]
[WhiteTeam "Montclair Sopranos"]
[BlackTeam "Atlanta Kings"]
[WhiteFideId "2022036"]
[BlackFideId "2064847"]
[EventDate "2017.01.11"]

1. c4 e6 2. Nf3 d5 3. g3 c5 4. Bg2 Nf6 5. O-O Be7 6. cxd5 exd5 7. d4 O-O 8. Nc3
Nc6 9. dxc5 Bxc5 10. Na4 Bd6 11. Be3 Re8 12. Rc1 Rxe3 13. fxe3 Ng4 14. Qd2 Qe7
15. Nc3 Qxe3+ 16. Kh1 Be6 17. Nxd5 Nf2+ 18. Rxf2 Qxf2 19. Rf1 Qc5 20. Ng5 h6 21.
Ne4 Bxd5 22. Nxc5 Bxg2+ 23. Kxg2 Bxc5 24. Qd5 Bd4 25. Qxf7+ Kh8 26. Qxb7 1-0

[Event "PRO League Atlantic 2017"]
[Site "chess.com INT"]
[Date "2017.01.25"]
[Round "3"]
[White "Francisco, Richard"]
[Black "Hess, Robert L"]
[Result "1-0"]
[BlackTitle "GM"]
[WhiteElo "2273"]
[BlackElo "2571"]
[WhiteTeam "Atlanta Kings"]
[BlackTeam "Montclair Sopranos"]
[WhiteFideId "2021188"]
[BlackFideId "2022036"]
[EventDate "2017.01.11"]

1. e4 d6 2. d4 Nf6 3. Nc3 c6 4. f4 Qa5 5. e5 Ne4 6. Qf3 d5 7. Bd3 g6 8. Bxe4
dxe4 9. Qxe4 Na6 10. Bd2 Bf5 11. Qe2 Nb4 12. Nf3 Nxc2+ 13. Kf2 Nxa1 14. Rxa1 Bg4
15. d5 Bxf3 16. gxf3 Bh6 17. d6 O-O 18. Ne4 Qd8 19. f5 Qb6+ 20. Kg2 Qxb2 21.
dxe7 Rfe8 22. Nf6+ Kh8 23. Nxe8 Rxe8 24. f6 Qxa1 25. Bxh6 Qd4 26. Bc1 Kg8 27.
Bb2 Qd5 28. Qe3 Kh8 29. Qh6 Rg8 30. e8=Q 1-0

[Event "PRO League Atlantic 2017"]
[Site "chess.com INT"]
[Date "2017.01.25"]
[Round "3"]
[White "Francisco, Richard"]
[Black "Rozman, Levy"]
[Result "1-0"]
[BlackTitle "FM"]
[WhiteElo "2273"]
[BlackElo "2404"]
[WhiteTeam "Atlanta Kings"]
[BlackTeam "Montclair Sopranos"]
[WhiteFideId "2021188"]
[BlackFideId "2039877"]
[EventDate "2017.01.11"]

1. d4 f5 2. Bg5 g6 3. Nc3 Bg7 4. h4 d5 5. e3 h6 6. Bf4 Nf6 7. Qf3 Kf7 8. Be2 c6
9. Qg3 Nbd7 10. Nf3 Nh5 11. Ne5+ Nxe5 12. Bxh5 Ng4 13. Bxg4 fxg4 14. f3 h5 15.
O-O-O Rf8 16. Bc7 Qd7 17. e4 Kg8 18. Be5 Bh6+ 19. Kb1 b5 20. fxg4 Qxg4 21. exd5
b4 22. Na4 cxd5 23. Nc5 Qxg3 24. Bxg3 Bg4 25. Rde1 Rf7 26. Nd3 Bf5 27. Nxb4 Be4
28. Nd3 Rc8 29. Rhg1 Bg7 30. Be5 Bxe5 31. dxe5 e6 32. g4 Rfc7 33. Nf2 Bxc2+ 34.
Ka1 hxg4 35. Nxg4 Kh8 36. b3 d4 37. Kb2 Bf5 38. Nh6 Rc2+ 39. Ka3 Bd3 40. h5 Kg7
41. Ng4 R8c6 42. h6+ Kh7 43. Nf6+ Kxh6 44. Rh1+ Kg7 45. Rh7+ Kf8 46. Rh8+ Ke7
47. Reh1 Ra6+ 48. Kb4 Rb6+ 49. Ka3 g5 50. Re8+ Kf7 51. Rhh8 Ra6+ 52. Kb4 Rb6+
53. Ka3 Ra6+ 54. Kb4 Kg6 55. Ref8 Rb6+ 56. Ka3 Rb7 57. Ng4 Be4 58. Rhg8+ Rg7 59.
Rf6+ Kh7 60. Rgf8 Bg6 61. b4 Rc3+ 62. Ka4 Rg3 63. Nf2 d3 64. Rd8 g4 65. Kb5 Rf3
66. Kc4 Rxf6 67. exf6 Rc7+ 68. Kd4 g3 69. Nh3 d2 70. Ke3 Bf5 71. Ng5+ Kg6 72.
Nf3 Kxf6 73. Rxd2 Rc3+ 74. Kf4 Rc4+ 75. Kxg3 Rg4+ 76. Kf2 Rxb4 77. Nd4 Be4 78.
Ke3 Bd5 79. Rf2+ Ke5 80. Rd2 Ra4 81. Nb3 Ra3 82. Rb2 a5 83. Kd2 a4 84. Nc1 Kd4
85. Ne2+ Kc5 86. Nc1 Bc4 87. Ne2 Rd3+ 88. Kc2 Rh3 89. Nf4 Rh2+ 90. Kc3 a3 91.
Rxh2 e5 92. Nd3+ Kd5 93. Nxe5 1-0

[Event "PRO League Atlantic 2017"]
[Site "chess.com INT"]
[Date "2017.01.25"]
[Round "3"]
[White "Mareco, Sandro"]
[Black "Li, Chao b"]
[Result "0-1"]
[WhiteTitle "GM"]
[BlackTitle "GM"]
[WhiteElo "2645"]
[BlackElo "2720"]
[WhiteTeam "Buenos Aires Krakens"]
[BlackTeam "Montreal ChessBrahs"]
[WhiteFideId "112275"]
[BlackFideId "8604436"]
[EventDate "2017.01.11"]

1. c4 g6 2. d4 Nf6 3. f3 Nc6 4. d5 Ne5 5. e4 d6 6. Nc3 Bg7 7. f4 Ned7 8. Nh3 c6
9. Nf2 Nc5 10. Be3 Qa5 11. Qd2 Nb3 12. axb3 Qxa1+ 13. Ncd1 O-O 14. Be2 cxd5 15.
cxd5 Qa2 16. b4 Bd7 17. O-O Rfc8 18. Bd4 Qb3 19. Ne3 Qa4 20. e5 Ne8 21. Ne4 a5
22. e6 fxe6 23. dxe6 Bc6 24. Nc3 Qxb4 25. Bxg7 Nxg7 26. f5 Qc5 27. f6 exf6 28.
Rxf6 Rf8 29. Rxf8+ Rxf8 30. Bc4 d5 31. e7 Qxe7 32. Ncxd5 Bxd5 33. Bxd5+ Kh8 34.
h3 Qc5 35. Kh2 Qd6+ 36. Kh1 Re8 37. Nc4 Qd8 38. Qd4 Re1+ 39. Kh2 b5 40. Ne3 Rxe3 0-1

[Event "PRO League Atlantic 2017"]
[Site "chess.com INT"]
[Date "2017.01.25"]
[Round "3"]
[White "Erenburg, Sergey"]
[Black "Barbosa, Oliver"]
[Result "1/2-1/2"]
[WhiteTitle "GM"]
[BlackTitle "GM"]
[WhiteElo "2570"]
[BlackElo "2518"]
[WhiteTeam "Philadelphia Inventors"]
[BlackTeam "New York Knights"]
[WhiteFideId "2805642"]
[BlackFideId "5201640"]
[EventDate "2017.01.11"]

1. e4 e5 2. Nf3 Nc6 3. Bb5 Nf6 4. d3 Bc5 5. Bxc6 dxc6 6. Nbd2 Nd7 7. Nc4 O-O 8.
Be3 Bd6 9. O-O c5 10. c3 Re8 11. Nfd2 Nf8 12. Nxd6 Qxd6 13. Nc4 Qe7 14. f4 exf4
15. Bxf4 Ng6 16. Bg3 Be6 17. Ne3 Rad8 18. Qe2 Qd7 19. Rfd1 f5 20. exf5 Bxf5 21.
d4 Qe6 22. Qc4 cxd4 23. Rxd4 Rxd4 24. cxd4 c6 25. Re1 Qxc4 26. Nxc4 Rxe1+ 27.
Bxe1 b6 28. Ne5 Nxe5 29. dxe5 Kf7 30. Kf2 Ke6 31. Ke3 Kd5 32. Bc3 Be6 33. Kd3 a5
34. a3 c5 35. Bd2 g6 36. Bc3 a4 37. h4 b5 38. g3 Bh3 39. Ke3 Kc4 40. e6 Bxe6 41.
Bf6 b4 42. axb4 cxb4 43. Kd2 Kb3 44. Kc1 Bf5 45. Be7 Be4 46. Bf8 Kc4 47. Kd2 Bf5
48. Be7 b3 49. Bf6 Bd7 50. Ke3 Be6 51. Bg7 Bc8 52. Bf6 Bf5 53. Bg7 Bb1 54. Bf6
Kd5 55. Bg7 Ke6 56. Kf4 Bc2 57. Bc3 Kd5 58. Ke3 Bf5 59. Bg7 h6 60. Kf4 Bc2 61.
Ke3 Kc4 62. Kd2 Bf5 63. Bf6 Kd5 64. Ke3 Ke6 65. Bg7 g5 66. hxg5 hxg5 67. Kd2 Be4
68. Kc3 Kf5 69. Kb4 Bc6 70. Bf8 Kg4 71. Bd6 Kf3 72. Ka3 Ke3 73. Kb4 Kd3 74. Ka3
Kc2 75. Be7 g4 76. Bd6 1/2-1/2

[Event "PRO League Atlantic 2017"]
[Site "chess.com INT"]
[Date "2017.01.25"]
[Round "3"]
[White "Erenburg, Sergey"]
[Black "Bonin, Jay R"]
[Result "1-0"]
[WhiteTitle "GM"]
[BlackTitle "IM"]
[WhiteElo "2570"]
[BlackElo "2260"]
[WhiteTeam "Philadelphia Inventors"]
[BlackTeam "New York Knights"]
[WhiteFideId "2805642"]
[BlackFideId "2000644"]
[EventDate "2017.01.11"]

1. e4 e6 2. d4 d5 3. Nd2 c5 4. Ngf3 Nc6 5. exd5 exd5 6. Bb5 Bd6 7. dxc5 Bxc5 8.
O-O Ne7 9. Nb3 Bd6 10. Re1 O-O 11. Bd3 Bf5 12. Be3 Qd7 13. Bc5 Rfe8 14. Bxd6
Qxd6 15. Nbd4 Bxd3 16. Qxd3 Nxd4 17. Nxd4 Nc6 18. c3 Nxd4 19. Qxd4 a6 20. Rad1
h6 21. g3 b5 22. Kg2 Qc6 23. a3 Re4 24. Rxe4 dxe4 25. Qd5 Qxd5 26. Rxd5 Kf8 27.
Kf1 Rc8 28. Ke2 Rc4 29. Ke3 Rc6 30. Kxe4 g6 31. h4 Kg7 32. Kd3 Kf6 33. Rd4 Ke6
34. c4 bxc4+ 35. Rxc4 Rb6 36. Kc3 f5 37. b4 g5 38. hxg5 hxg5 39. Rc5 g4 40. a4
Rd6 41. a5 Rd1 42. Rc6+ Kd5 43. Rc5+ Ke4 44. Rc4+ Ke5 45. Kb3 Rd2 46. Rc2 Rd3+
47. Kc4 Ra3 48. Kc5 Rb3 49. Re2+ Kf6 50. Kc4 1-0

[Event "PRO League Atlantic 2017"]
[Site "chess.com INT"]
[Date "2017.01.25"]
[Round "3"]
[White "Macagno, Sergio"]
[Black "Martinez, Marcel"]
[Result "1-0"]
[WhiteTitle "FM"]
[BlackTitle "FM"]
[WhiteElo "2320"]
[BlackElo "2427"]
[WhiteTeam "Patagonia Penguins"]
[BlackTeam "Miami Champions"]
[WhiteFideId "100773"]
[BlackFideId "2016249"]
[EventDate "2017.01.11"]

1. d4 Nf6 2. Nf3 g6 3. Bf4 Bg7 4. e3 O-O 5. Be2 d6 6. h3 c5 7. c3 b6 8. O-O Bb7
9. Bh2 Nbd7 10. a4 a6 11. Nbd2 Ra7 12. Qb3 Qa8 13. Rfd1 Ne4 14. Bf1 Nxd2 15.
Nxd2 Bd5 16. Qc2 Rc7 17. Qd3 Bb7 18. Bg3 Nf6 19. Nc4 Qa7 20. Nd2 Qa8 21. Nc4 Ne4
22. Bh2 Qa7 23. f3 Nf6 24. Kh1 Bd5 25. Nd2 cxd4 26. exd4 Bb7 27. Re1 Nd5 28. Ne4
Bh6 29. Nf2 Bf4 30. Ng4 Bxh2 31. Kxh2 Bc8 32. Ne3 Be6 33. Nxd5 Bxd5 34. Qxa6 Qb8
35. Qb5 Bc6 36. Qe2 Ra7 37. b3 d5+ 38. Qe5 Qc8 39. Bd3 Rc7 40. c4 e6 41. Qd6
dxc4 42. bxc4 Rd7 43. Qe5 Rfd8 44. Bf1 Rxd4 45. Reb1 Qa6 46. c5 Qa5 47. Rxb6
R4d5 48. Qc7 Bxa4 49. Bb5 1-0

[Event "PRO League Atlantic 2017"]
[Site "chess.com INT"]
[Date "2017.01.25"]
[Round "3"]
[White "Gurevich, Daniel"]
[Black "Hess, Robert L"]
[Result "1-0"]
[WhiteTitle "IM"]
[BlackTitle "GM"]
[WhiteElo "2455"]
[BlackElo "2571"]
[WhiteTeam "Atlanta Kings"]
[BlackTeam "Montclair Sopranos"]
[WhiteFideId "2044676"]
[BlackFideId "2022036"]
[EventDate "2017.01.11"]

1. e4 d6 2. d4 Nf6 3. Nc3 g6 4. Be3 c6 5. Qd2 Nbd7 6. f3 b5 7. a3 Qc7 8. g4 Nb6
9. g5 Nh5 10. d5 Nc4 11. Bxc4 bxc4 12. Qd4 Bg7 13. Qxc4 c5 14. Nge2 O-O 15. Ng3
Qa5 16. Bd2 Nxg3 17. hxg3 Ba6 18. Qa4 Qb6 19. Kf2 Bc8 20. Rab1 f6 21. gxf6 Bxf6
22. Kg2 Qd8 23. Ne2 Bd7 24. Qa6 Rb8 25. Nf4 Qb6 26. Qe2 Rf7 27. Nd3 Bb5 28. b3
Rbf8 29. c4 Bd7 30. f4 Qa6 31. e5 dxe5 32. fxe5 Bf5 33. exf6 Qxf6 34. Rbf1 Qd4
35. Nf4 Be4+ 36. Kh2 Bxh1 37. Rxh1 g5 38. Be3 Qe4 39. Ne6 Rf6 40. Nxg5 Rh6+ 41.
Nh3 Rf5 42. Rf1 Rxf1 43. Qxf1 Qxe3 44. Qf5 Rf6 45. Qg4+ Kf8 46. Nf4 Qe5 47. Ne6+
Kf7 48. Qg7+ Ke8 49. Qg8+ Kd7 50. Qd8# 1-0

[Event "PRO League Atlantic 2017"]
[Site "chess.com INT"]
[Date "2017.01.25"]
[Round "3"]
[White "Gurevich, Daniel"]
[Black "Rozman, Levy"]
[Result "1-0"]
[WhiteTitle "IM"]
[BlackTitle "FM"]
[WhiteElo "2455"]
[BlackElo "2404"]
[WhiteTeam "Atlanta Kings"]
[BlackTeam "Montclair Sopranos"]
[WhiteFideId "2044676"]
[BlackFideId "2039877"]
[EventDate "2017.01.11"]

1. Nf3 d5 2. g3 c6 3. Bg2 Bg4 4. O-O Nd7 5. d4 e6 6. Nbd2 f5 7. c4 Bd6 8. Ne1
Ngf6 9. Nd3 O-O 10. c5 Bc7 11. Nf3 Bxf3 12. exf3 e5 13. dxe5 Nxe5 14. Nxe5 Bxe5
15. f4 Bc7 16. Be3 Re8 17. Bd4 Re6 18. Qd3 g6 19. Rfe1 Qe7 20. Rxe6 Qxe6 21. Bc3
Re8 22. Re1 Qxe1+ 23. Bxe1 Rxe1+ 24. Bf1 Ne4 25. b4 Bd8 26. f3 Nf6 27. Kf2 Re8
28. a4 a6 29. h3 Kf7 30. g4 Bc7 31. Qd4 Re7 32. Bd3 fxg4 33. hxg4 Re8 34. Bc2 h5
35. g5 Nd7 36. Qd3 Nf8 37. f5 Be5 38. fxg6+ Kg7 39. Qf5 Re7 40. Qh3 Bd4+ 41. Kf1
Nxg6 42. Qxh5 Nf8 43. f4 Ne6 44. f5 Nf4 45. Qh6+ Kf7 46. f6 Re3 47. g6+ 1-0

[Event "PRO League Atlantic 2017"]
[Site "chess.com INT"]
[Date "2017.01.25"]
[Round "3"]
[White "Rozman, Levy"]
[Black "Moradiabadi, Elshan"]
[Result "0-1"]
[WhiteTitle "FM"]
[BlackTitle "GM"]
[WhiteElo "2404"]
[BlackElo "2574"]
[WhiteTeam "Montclair Sopranos"]
[BlackTeam "Atlanta Kings"]
[WhiteFideId "2039877"]
[BlackFideId "12501255"]
[EventDate "2017.01.11"]

1. d4 Nf6 2. c4 e6 3. Nf3 d5 4. Nc3 c6 5. Bg5 h6 6. Bh4 dxc4 7. e4 b5 8. e5 g5
9. Bg3 Nd5 10. Nd2 b4 11. Nce4 c3 12. bxc3 bxc3 13. Nc4 Bb4 14. Qc2 Nd7 15. a3
Ba5 16. Be2 Kf8 17. h4 g4 18. h5 Ba6 19. Bh4 Qc7 20. Ned6 Bxc4 21. Bxc4 Qb6 22.
Nxf7 Qb2 0-1

[Event "PRO League Atlantic 2017"]
[Site "chess.com INT"]
[Date "2017.01.25"]
[Round "3"]
[White "Rozman, Levy"]
[Black "Moon, Benjamin"]
[Result "1/2-1/2"]
[WhiteTitle "FM"]
[WhiteElo "2404"]
[BlackElo "2265"]
[WhiteTeam "Montclair Sopranos"]
[BlackTeam "Atlanta Kings"]
[WhiteFideId "2039877"]
[BlackFideId "2064847"]
[EventDate "2017.01.11"]

1. d4 d5 2. Bf4 e6 3. e3 c5 4. Nf3 Nf6 5. Nbd2 Nc6 6. c3 Bd6 7. Bg3 O-O 8. Bb5
Ne7 9. Bd3 b6 10. Ne5 Bb7 11. Qf3 Qc7 12. h4 Nd7 13. Qh5 Nf6 14. Qe2 Nf5 15. Bf4
Nd7 16. g4 Ne7 17. Ndf3 f6 18. Nxd7 Qxd7 19. Qc2 Bxf4 20. exf4 Qd6 21. Qd2 cxd4
22. cxd4 Nc6 23. Rc1 Rac8 24. O-O Nb4 25. Bb1 Ba6 26. Rfe1 Rxc1 27. Rxc1 Rc8 28.
Rxc8+ Bxc8 29. a3 Nc6 30. Qc2 g6 31. h5 Ne7 32. hxg6 hxg6 33. Qd2 Ba6 34. Nh4
Kg7 35. Kg2 Qc7 36. Qe3 Kf7 37. f5 exf5 38. gxf5 gxf5 39. Qf3 Qc1 40. Bxf5 Qg5+
41. Kh3 Bf1+ 42. Kh2 Qxh4+ 43. Kg1 Nxf5 44. Qxd5+ Kg6 45. Qg8+ Ng7 46. Kxf1 Qxd4
47. Qb3 Qe5 48. Qd3+ Qf5 49. Qa6 Qb1+ 50. Kg2 Qe4+ 51. Kg1 Qg4+ 52. Kf1 Nf5 53.
Qxa7 Qd1+ 54. Kg2 Nh4+ 55. Kg3 Nf5+ 56. Kg2 Qg4+ 57. Kf1 Qc4+ 58. Kg2 Qc6+ 59.
Kf1 Qc1+ 60. Kg2 Qxb2 61. Qa8 Qe5 62. Qg8+ Ng7 63. Qa8 Qg5+ 64. Kf1 Qc1+ 65. Kg2
Qc5 66. a4 Qa5 67. Qe4+ Qf5 68. Qa8 Qg4+ 69. Kf1 Qh3+ 70. Ke1 Qc3+ 71. Kf1 Qb3
72. Qe4+ Kf7 73. Qb7+ Kg8 74. Qc8+ Kh7 75. Qa8 Qb1+ 76. Kg2 Nf5 77. Qb7+ Kg6 78.
Qc8 Qe4+ 79. Kg1 Qg4+ 80. Kh2 Qh4+ 81. Kg2 Qg4+ 82. Kh2 Qf4+ 83. Kg2 Nh4+ 84.
Kf1 Qxa4 85. Qg8+ Kf5 86. Qh7+ Ke6 87. Qg8+ Kd6 88. Qf8+ Ke5 89. Qe7+ Kf5 90.
Qh7+ Ke6 91. Qg8+ Ke7 92. Qg7+ Ke8 93. Qg8+ Ke7 94. Qg7+ Kd6 95. Qxf6+ Kc7 96.
Qe7+ Kb8 97. Qd8+ Ka7 98. Qc7+ Ka6 99. Qc8+ Ka7 100. Qc7+ Ka6 101. Qc8+ Ka5 102.
Qa8+ Kb4 103. Qe4+ Ka3 104. Qd3+ Kb4 105. Qd4+ Ka5 106. Qc3+ Qb4 107. Qa1+ Qa4
108. Qc3+ Ka6 109. Qc8+ 1/2-1/2

[Event "PRO League Atlantic 2017"]
[Site "chess.com INT"]
[Date "2017.01.25"]
[Round "3"]
[White "Bartell, Thomas"]
[Black "Yudasin, Leonid"]
[Result "1-0"]
[WhiteTitle "IM"]
[BlackTitle "GM"]
[WhiteElo "2345"]
[BlackElo "2517"]
[WhiteTeam "Philadelphia Inventors"]
[BlackTeam "New York Knights"]
[WhiteFideId "2017849"]
[BlackFideId "2802341"]
[EventDate "2017.01.11"]

1. d4 Nf6 2. c4 e6 3. Nc3 Bb4 4. Qc2 c5 5. dxc5 Nc6 6. Nf3 Bxc5 7. Bg5 b6 8. a3
Be7 9. Rd1 h6 10. Bf4 O-O 11. e4 a6 12. Be2 Ne8 13. O-O Ra7 14. e5 f5 15. exf6
Nxf6 16. Bd6 Bxd6 17. Rxd6 Qe7 18. Rfd1 Ne8 19. R6d2 Rc7 20. b4 Nd8 21. Qg6 Qf6
22. Qxf6 Rxf6 23. Na4 Rb7 24. c5 bxc5 25. Nxc5 Ra7 26. Nxd7 Bxd7 27. Rxd7 Rxd7
28. Rxd7 Nf7 29. Bxa6 Kf8 30. Kf1 e5 31. Bc4 Ned6 32. Bxf7 Nxf7 33. Nd2 Rc6 34.
Ne4 Ke8 35. Ra7 Rc2 36. b5 Rb2 37. a4 g5 38. f3 Nd8 39. a5 Ne6 40. b6 Kd8 41.
Rh7 Rb1+ 42. Ke2 Nd4+ 43. Kd3 Nc6 44. Nc5 Nxa5 45. b7 Nc6 46. Ne6+ Ke8 47. Rc7
Nb4+ 48. Ke4 Na6 49. Rc6 Rxb7 50. Rxa6 Rb2 51. g4 Rxh2 52. Kxe5 Rf2 53. Ra3 Ke7
54. Nd4 Rh2 55. Ra7+ Ke8 56. Nf5 Rf2 57. Ra3 Rh2 58. Kf6 Kd7 59. Kg6 Ke6 60.
Nxh6 Ke5 61. Kxg5 Rh1 62. f4+ Ke6 63. f5+ Kd6 64. f6 Rf1 65. f7 Ke7 66. Ra8 1-0

[Event "PRO League Atlantic 2017"]
[Site "chess.com INT"]
[Date "2017.01.25"]
[Round "3"]
[White "Bartell, Thomas"]
[Black "Paragua, Mark"]
[Result "1/2-1/2"]
[WhiteTitle "IM"]
[BlackTitle "GM"]
[WhiteElo "2345"]
[BlackElo "2492"]
[WhiteTeam "Philadelphia Inventors"]
[BlackTeam "New York Knights"]
[WhiteFideId "2017849"]
[BlackFideId "5201241"]
[EventDate "2017.01.11"]

1. d4 Nf6 2. c4 g6 3. Nf3 Bg7 4. g3 O-O 5. Bg2 d6 6. O-O Nc6 7. Nc3 Bg4 8. h3
Bxf3 9. Bxf3 Nd7 10. e3 e5 11. d5 Ne7 12. e4 f5 13. Bg5 h6 14. Bxe7 Qxe7 15. h4
h5 16. exf5 gxf5 17. Bxh5 e4 18. Bg6 Ne5 19. Qh5 Nxg6 20. Qxg6 Rf6 21. Qg5 Kh7
22. Qh5+ Bh6 23. Kh2 Rg8 24. Rae1 Qe5 25. Nb5 Rg7 26. Re2 f4 27. Qxe5 dxe5 28.
Rg1 e3 29. gxf4 Rxf4 30. Rxg7+ Kxg7 31. fxe3 Rxh4+ 32. Kg3 Rxc4 33. d6 cxd6 34.
Nxd6 Rb4 35. Nf5+ Kg6 36. e4 a5 37. Kf3 Bg5 38. b3 a4 39. bxa4 Rxa4 40. Rb2 Bf6
41. Ne3 Ra3 42. Ke2 Ra4 43. Kf3 Ra3 44. Ke2 Ra4 45. Kf3 Ra3 46. Ke2 Ra4 1/2-1/2

[Event "PRO League Atlantic 2017"]
[Site "chess.com INT"]
[Date "2017.01.25"]
[Round "3"]
[White "Quesada Perez, Yuniesky"]
[Black "Pacheco, Daniel"]
[Result "1/2-1/2"]
[WhiteTitle "GM"]
[BlackTitle "FM"]
[WhiteElo "2630"]
[BlackElo "2279"]
[WhiteTeam "Miami Champions"]
[BlackTeam "Patagonia Penguins"]
[WhiteFideId "3504409"]
[BlackFideId "101680"]
[EventDate "2017.01.11"]

1. e4 e6 2. d4 d5 3. Nc3 Bb4 4. e5 c5 5. a3 Bxc3+ 6. bxc3 Qa5 7. Bd2 Qa4 8. Qb1
c4 9. h4 Nc6 10. h5 h6 11. Nf3 Bd7 12. g3 O-O-O 13. Bh3 f6 14. Bf4 Qa5 15. Qb2
Nge7 16. O-O f5 17. Rab1 b6 18. Nh4 Rdg8 19. Bg2 Be8 20. Bf3 g5 21. hxg6 Nxg6
22. Nxg6 Bxg6 23. Kg2 h5 24. Rh1 Be8 25. Rh2 Ne7 26. Qb4 Qxb4 27. cxb4 Ng6 28.
Bd2 h4 29. Rbh1 hxg3 30. fxg3 Rxh2+ 31. Rxh2 Rg7 32. Rh6 Ba4 33. Bh5 Be8 34. Kf2
Kd7 35. Bg5 Nf8 36. Bf6 Rh7 37. Rxh7+ Nxh7 38. Bf3 Nxf6 39. exf6 Kd6 40. g4 fxg4
41. Bxg4 c3 42. Ke3 Bg6 43. Bd1 e5 44. f7 Bxf7 45. Kd3 exd4 46. Kxd4 Be8 47. Be2
Bg6 48. Bd1 Be4 49. Kxc3 Ke5 50. Be2 d4+ 51. Kd2 a5 52. Bc4 axb4 53. axb4 Bd5
54. Bd3 Be4 55. Bc4 Bd5 56. Bb5 Be4 57. Ba6 Bf5 58. Bc4 Be4 59. Be2 Kd5 60. Bf1
Ke5 61. Bc4 Bd5 62. Kd3 Be4+ 63. Kd2 Bd5 64. Be2 Be4 65. c3 dxc3+ 66. Kxc3 Kd6
67. Kd4 Bg2 68. Bd3 Kc7 1/2-1/2